000 01033nam a2200241 a 4500
001 000028994
005 20260224094453.0
008 110413s1999 dr 000 0 spa d
040 _aDO-SdBNP
_bspa
_cBNPHU
082 _a323.352
_bC766s
245 0 0 _aConvención sobre los derechos del niño = Convención sobre todas las formas de discriminación contra la mujer.
246 1 1 _aConvención sobre todas las formas de discriminación contra la mujer.
260 _a[s.l :
_bs.n,
_cs.a.].
300 _a95 p. ;
_c14 cm.
505 0 _gIntroducción --
_tConvención sobre los derechos del niño --
_tConvención sobre todas las formas de discriminación contra la mujer.
590 _aInventariado, 2018/BT
650 0 _aDerechos del niño
_95135
650 4 _aNiños
_xEstado legal, legislación, etc.
_916467
650 0 _aDerechos de la mujer
_92527
650 0 _aDiscriminación sexual contra las mujeres
_943900
710 _aFondo de las Naciones Unidas para la Infancia
_99270
910 _aValidado. Control de calidad. EMS
999 _c28486
_d28486